00422nam a2200145Ia 4500008004100000040001900041041001200060082003500072100002000107245005000127260003300177300002600210650001900236850002100255131103s9999 xx 000 0 und d aLoreto College aEnglish a821.91/POWbLCLIB(press)/36100 aPowers, Jessica aMountain sparrowb ten poems cJessica Powers aCarmel of Renob[s.n]c[19?] a21cm c various pages aEnglish poetry aLCLIB/821.91/POW